000 00191 a2200097 4500
001 126830
040 _cEscola Canadense de Niteroi
090 _aMP
245 1 0 _aPé de madeira
942 _cMATP
999 _c126830
_d126830